| 000 | 00456nam a2200169Ia 4500 | ||
|---|---|---|---|
| 020 | _a0471065242 | ||
| 082 | _a657.45 BRI | ||
| 100 |
_aBrink, V. Z. _95840 |
||
| 245 | _aModern Internal Auditing | ||
| 250 | _a3rd ed | ||
| 260 |
_aNew York: _bJohn Wiley _c1973 |
||
| 300 | _axi, 795p. :ill. ;23cm. | ||
| 500 | _a includes Index | ||
| 650 |
_aAuditingAccounting _9202 |
||
| 700 |
_aCashin, J. A. Witt, H. _95841 |
||
| 942 | _cBK | ||
| 999 |
_c5438 _d5438 |
||